Skautská výchova jako odrazový můstek kariéry
Výpočet vlastností, ktoré majú skauti a ktoré sú tiež kľúčové pre fungovanie úspešnej firmy, či organizácie na súčasnom trhu práce.
Enregistré dans:
| Format: | Chapitre de livre |
|---|---|
| Langue: | tchèque |
| Sujets: | |
| Tags: |
Pas de tags, Soyez le premier à ajouter un tag!
|
MARC
| LEADER | 00000naa a2200000 4500 | ||
|---|---|---|---|
| 001 | 0231292 | ||
| 005 | 20170607093542.3 | ||
| 041 | 0 | |a cze | |
| 044 | |a CZ | ||
| 245 | 1 | 0 | |a Skautská výchova jako odrazový můstek kariéry |
| 520 | |a Výpočet vlastností, ktoré majú skauti a ktoré sú tiež kľúčové pre fungovanie úspešnej firmy, či organizácie na súčasnom trhu práce. | ||
| 610 | 2 | 0 | |a dobrovoľníctvo |
| 610 | 2 | 0 | |a hodnota |
| 610 | 2 | 0 | |a kompetentnosť sociálna |
| 610 | 2 | 0 | |a práca tímová |
| 610 | 2 | 0 | |a vodcovstvo |
| 610 | 2 | 0 | |a kreativita |
| 610 | 2 | 0 | |a zručnosti |
| 610 | 2 | 0 | |a trh práce |